00557nam a22001577a 450000500170000001000150001702000300003203500140006203700130007608200110008910000210010024500940012126000450021527000660026030000730032620201222130556.0 aENG-128708 a978-0-19-948174-1c895.00 aEN-112240 bDBAD/PUB a954.05 aBajpai, Anandita aSpeaking the Nation: the opatorical making of secular, neoliberal India/bAnandita Bajpai aNew DelhibOxford University Pressc2018 bNew Delhie110002a2/11, Ground Floor, Ansari Road, Daryaganj axv+335p.c22cm(hbk)bIncluding bibliographical references and index.